000 00465nam a2200157 i 4500
001 51982
003 ES-MaACL
005 20230906162502.0
007 t|
008 030822s1911 it ||||1| ita d
100 1 _aChilesotti, Oscar.
_938516
245 1 2 _aL'evoluzione nella musica
_b: appunti sulla teoria di H. Spencer /
_cOscar Chilesotti.
260 _aTorino :
_b[s.n.],
_c1911 (
_fVicenzo Bona)
300 _aVI, 168 p. ;
_c20 cm.
852 _aES-MaACL
_jF-6089
999 _c51982
_d51982